000 00339nam a2200157Ia 4500
003 OSt
005 20240223154133.0
008 170523s9999 xx 000 0 und d
020 _a978-8183224109
040 _cIIMT
100 _aPEASE- ALLAN
245 0 _aBODY LANGUAGE
260 _bSUDHA PUBLICATION
260 _c1998
942 _2ddc
_c02
999 _c566
_d566